|
|
|
|
| LEADER |
00000nam0a2200000 4500 |
| 001 |
315182 |
| 005 |
20231102002743.0 |
| 035 |
|
|
|a (RuTPU)RU\TPU\book\340615
|
| 090 |
|
|
|a 315182
|
| 100 |
|
|
|a 20160226d1900 k y0rusy50 ca
|
| 101 |
0 |
|
|a rus
|
| 102 |
|
|
|a RU
|
| 105 |
|
|
|a y z 000zy
|
| 200 |
1 |
|
|a Новая история. Т. 1: 1500-1750 гг.
|f А. С. Трачевский
|
| 205 |
|
|
|a 2-е изд., испр. и доп.
|
| 210 |
|
|
|a Санкт-Петербург
|c Типография М. М. Стасюлевича
|d 1900
|
| 215 |
|
|
|a V, 700 с.
|
| 300 |
|
|
|a Авт. и загл. указаны на корешке
|
| 300 |
|
|
|a Текст в русской дореформенной орфографии
|
| 316 |
|
|
|5 63413507: М-132699
|a На титульном листе владельческая подпись: "Бутаков"
|
| 317 |
|
|
|5 63413507: М-132699
|a Поступила в НТБ в 1970 г. в составе книжного собрания профессора ТПИ И. Н. Бутакова
|
| 606 |
1 |
|
|a Европа
|x История
|z 16 в.-1918
|2 stltpush
|3 (RuTPU)RU\TPU\subj\67600
|9 83324
|
| 610 |
1 |
|
|a европейские страны
|
| 610 |
1 |
|
|a 16 век
|
| 610 |
1 |
|
|a 17 век
|
| 610 |
1 |
|
|a 18 век
|
| 610 |
1 |
|
|a владельческая надпись
|
| 610 |
1 |
|
|a библиотека И. Н. Бутакова
|
| 686 |
|
|
|a Т3(4)5
|2 rubbk
|
| 700 |
|
1 |
|a Трачевский
|b А. С.
|c российский историк
|f 1838-1906
|g Александр Семенович
|2 stltpush
|3 (RuTPU)RU\TPU\pers\35706
|9 18866
|
| 801 |
|
1 |
|a RU
|b 63413507
|c 20160226
|
| 801 |
|
2 |
|a RU
|b 63413507
|c 20190802
|g RCR
|
| 942 |
|
|
|c BK
|